000 00306 a2200109 4500
001 ART_45017
005 20260410161630.0
008 260409a
245 1 0 _aCómo reducir costos de manera efectiva
100 1 _aSmolje, Alejandro R.
773 0 _tEnfoques
_g- Nº 1 (ene. 2018)
_wREV416
999 _c12339
_d12339